000 00826nam a2200289Ia 4500
003 OSt
005 20221006153253.0
006 a|||||r|||| 00| 0
007 ta
008 221006b |||||||| |||| 00| 0 kor d
020 _cW 15,000
024 _a31,831
037 _bGift, Korean Embassy
_cTextual
040 _aEASL
_cEASL
_bkor
041 _2kor
_akor
082 _aV495.L00<-J00, P5
100 _aSIN Byeong-Joo Au.
_9663228
245 0 _aGojeon soseol sok yeoksa yeohaeng
260 _aSeoul
_bDolbegae Korea
_c2005
300 _a396p.
_ccm.
490 _v KL
650 _a KL
650 _aPrehistory
_9663229
700 _a NO Tae-Hwan Au.
_9663230
942 _hV495.L00<-J00, P5
_cTEXL
_2CC
999 _c1099917
_d1099917